| 000 | 00884nam a2200265 a 4500 | ||
|---|---|---|---|
| 001 | 2075 | ||
| 005 | 20240208102621.0 | ||
| 020 | _a033500002014 | ||
| 040 |
_aDLC _cDLC _dDLC _beng |
||
| 050 | 0 | 0 | _aPZ7.W1266 |
| 100 | 1 | _aWahl, Jan. | |
| 245 | 1 | 0 |
_aCheltenham's party / _cby Jan Wahl illustrated by Lucinda McQueen |
| 260 |
_aNew York : _bWestern Publishing Company, _c1985 |
||
| 300 |
_a24 unnumbered pages : _c20 cm |
||
| 500 | _a"A Golden book." | ||
| 505 | _aI | ||
| 520 | _aWhen his owners leave for a birthday party, Cheltenham the cat decides to throw a party of his own and invites all the animals in the neighborhood. | ||
| 521 |
_a500 _bLexile estimate |
||
| 521 |
_aI _bRaz-Plus |
||
| 650 | 1 |
_aParties _xFiction. |
|
| 650 | 1 |
_aAnimals _xFiction. |
|
| 700 | 1 |
_aMcQueen, Lucinda _eIllustrator |
|
| 906 |
_a7 _bcbc _corignew _d2 _eopcn _f19 _gy-gencatlg |
||
| 942 |
_2ddc _cBK _n0 |
||
| 999 |
_c2075 _d2075 |
||